000 00407nam a2200157Ia 4500
005 20250508161941.0
008 008 250505s9999 xx 000 0 eng d
037 _aTextual
040 _aFEDL
_beng
_cFEDL
041 _aeng
_2eng
084 _a378.54, MAD
_qFEDL
245 0 _aUniversity of Madras 1857-1957
300 _a223p.
942 _cTEXL
_h378.54, MAD
999 _c1373443
_d1373443